| 000 | 00753nam a2200229Ii 4500 | ||
|---|---|---|---|
| 003 | JO-AjNU | ||
| 008 | 230605s9999||||xx |||||||||||||| ||und|| | ||
| 017 | _a1428/3191 | ||
| 020 | _a9960-53-179-1 | ||
| 040 |
_aJO-AjNU _bara _erda _cJO-AjNU |
||
| 041 | _aara | ||
| 050 | 1 | 4 | _aPJ7804 2007 |
| 100 | 3 |
_aتأليف دعجم، علي بن سعيد, _eauthor _949120 |
|
| 245 | 0 | 0 | _aالكرام واللئام: أحوال وأسباب |
| 250 | _aط1 | ||
| 264 | 3 | 1 | _aالرياض:دار القاسم للنشر والتوزيع،2007 |
| 300 | _a103ص | ||
| 336 |
_atext _btxt _2rdacontent |
||
| 337 |
_aunmediated _bn _2rdamedia |
||
| 338 |
_avolume _bnc _2rdacarrier |
||
| 650 | 4 |
_aالقصص القصيرة العربية - السعودية _949121 |
|
| 999 |
_aA21555 _c25123 _d25123 |
||